| 000 | 00869cam a2200217 4500 | ||
|---|---|---|---|
| 001 | ABS62827 | ||
| 008 | 000000n2000 000 0 eng u | ||
| 035 | _a(Sirsi) u108581 | ||
| 100 | _aYip, J. | ||
| 245 | _aNew directions of environmental management in construction: accepted levels of pollution | ||
| 260 | _c2000 | ||
| 490 |
_aStructural Survey _v18(2) September 2000, 89-98(10) |
||
| 520 | _aArgues that the traditional construction procurement and management aspects of time, quality and cost, should be augmented by a fourth dimension - the environment. Uses Hong Kong as an example and discusses the impact construction has had on the island. | ||
| 590 | _aABS | ||
| 650 | _aPROCUREMENT METHODS | ||
| 650 | _aPOLLUTION | ||
| 650 | _aENVIRONMENTAL MANAGEMENT | ||
| 650 | _aHONG KONG | ||
| 690 | _aBUILDING AND CONSTRUCTION-MANAGEMENT | ||
| 942 | _n0 | ||
| 999 |
_c64818 _d64818 |
||